LEADER 00862nam0 2200289 450 001 000019648 005 20081119141300.0 010 $a88-7006-030-6 100 $a20081119d1988----km-y0itay50------ba 101 0 $aita 102 $aIT 105 $ay-------001yy 200 1 $aLezioni di geometria$fGiacomo Saban e Giuliano Sorani 210 $aL'Aquila$cL. U. Japadre editore$d1988 215 $aXI, 427 p.$d22 cm 225 2 $aManuali scientifici 410 0$12001$aManuali scientifici 500 10$aLezioni di geometria$933876 610 1 $aGeometria$aManuali 676 $a516$v21$9Geometria 700 1$aSaban,$bGiacomo$0632424 701 1$aSorani,$bGiuliano$059213 801 0$aIT$bUNIPARTHENOPE$c20081119$gRICA$2UNIMARC 912 $a000019648 951 $aM 516/21$bM 927$cDSA$d2008 996 $aLezioni di geometria$933876 997 $aUNIPARTHENOPE LEADER 02045nam a2200337 i 4500 001 991001007299707536 008 050510s2003 it 000 0 ita d 020 $a888176461X 035 $ab1330611x-39ule_inst 040 $aDip.to Studi Giuridici$bita 082 0 $a338.90 245 03$aLo sviluppo economico locale :$bpolitiche di programmazione e strumenti di incentivazione /$ca cura di Cosimo Casilli ; prefazione di Nicola De Liso 260 $aSan Cesario di Lecce :$bManni,$cc2003 300 $a270 p. ;$c21 cm 650 4$aSviluppo economico 700 1 $aCasilli, Cosimo 700 1 $aDe Liso, Nicola 907 $a.b1330611x$b02-09-09$c10-05-05 912 $a991001007299707536 945 $aLE005 CORSO S.S.C.S. N-P. 99 c. 1$cc. 1$g1$i2005000167065$lle005$o-$pE17.50$q-$rn$so $t0$u1$v1$w1$x0$y.i14065757$z12-05-05 945 $aLE005 CORSO S.S.C.S. N-P. 99 c. 2$cc. 2$g2$i2005000167072$lle005$o-$pE17.50$q-$rn$so $t0$u1$v0$w1$x0$y.i14065770$z12-05-05 945 $aLE005 CORSO S.S.C.S. N-P. 99 c. 03$cc. 3$g3$i2005000180347$lle005$o-$pE17.50$q-$rl$s- $t0$u0$v0$w0$x0$y.i14351481$z19-01-07 945 $aLE005 CORSO S.S.C.S. N-P. 99 c. 04$cc. 4$g4$i2005000180354$lle005$o-$pE17.50$q-$rl$s- $t0$u1$v0$w1$x0$y.i1435150x$z19-01-07 945 $aLE027 338.90 CAS01.01 C.1$cC. 1$g1$i2027000099009$lle027$o-$pE17.50$q-$rn$so $t0$u0$v0$w0$x0$y.i14062161$z10-05-05 945 $aLE027 338.90 CAS01.01 C.2$cC. 2$g1$i2027000099405$lle027$o-$pE17.50$q-$rn$so $t0$u0$v0$w0$x0$y.i14062197$z10-05-05 945 $aLE027 338.90 CAS01.01 C.3$cC. 3$g1$i2027000099436$lle027$o-$pE17.50$q-$rn$so $t0$u1$v1$w1$x0$y.i14062227$z10-05-05 945 $aLE027 338.90 CAS01.01 C.4$cC. 4$g1$i2027000099412$lle027$o-$pE17.50$q-$rn$so $t0$u0$v0$w0$x0$y.i14062239$z10-05-05 945 $aLE027 338.90 CAS01.01 C.5$cC. 5$g1$i2027000099429$lle027$o-$pE17.50$q-$rn$so $t0$u0$v0$w0$x0$y.i14062240$z10-05-05 996 $aSviluppo economico locale$91103906 997 $aUNISALENTO 998 $a(4)le005$a(5)le027$b10-05-05$cm$da $e-$fita$git $h3$i9